Normal view
MARC view
- الاردن - السياحة - ارشاد سياحي
Entry Topical Term
001 - CONTROL NUMBER
- control field: 51026
003 - CONTROL NUMBER IDENTIFIER
- control field: JO-AjAnu
005 - DATE AND TIME OF LATEST TRANSACTION
- control field: 20230606082410.0
008 - FIXED-LENGTH DATA ELEMENTS
- fixed length control field: 230606|| aca||aabn | a|a d
040 ## - CATALOGING SOURCE
- Original cataloging agency: JO-AjAnu
- Transcribing agency: JO-AjAnu
150 ## - HEADING--TOPICAL TERM
- Topical term or geographic name entry element: الاردن - السياحة - ارشاد سياحي
670 ## - SOURCE DATA FOUND
- Source citation: Work cat.: (JO-AjAnu)26081: عويس، غسان برهان, author 51025, الدلالة والإرشاد السياحي: علم وفن